| 000 | 00436nam a2200145Ia 4500 | ||
|---|---|---|---|
| 008 | 210210b1954 xxu||||| |||| 00| 0 eng d | ||
| 082 | _a324.973 BERV | ||
| 100 | _aBernard (R) and Others. | ||
| 245 | _aVoting: a study of opinion formation in a Presidential Campaign. | ||
| 260 |
_aChicago _bUniversity of Chicago Press. _c1954 |
||
| 300 | _axix,395 | ||
| 650 | _aImperialism capitalism voting | ||
| 690 | _aMigration | ||
| 906 | _a041873 | ||
| 999 |
_c91873 _d91873 |
||